QCM: Personnages historiques - Statistiques

Statistiques générales
  • Ce quiz a été pris 137 fois
  • Le résultat moyen est 6 sur 15
Statistiques - réponses
Question Réponse % Correct
Qui fut le premier empereur de Rome ? Auguste
100%
Quel physicien est considéré comme le père de la bombe atomique ? Robert Oppenheimer
100%
Qui était l'as des as de la première guerre mondiale ? ( Au vu des victoires homologuées ) Manfred von Richthofen
67%
Quel empereur de Chine est enterré dans un mausolée protégé par une armée en terre cuite ? Qin Shin Huang
67%
A quelle croisade ont participé les rois Philippe II Auguste et Richard Cœur de Lion ? Troisième Croisade
67%
Qui fut président de la France entre le 8 janvier 1959 et le 28 avril 1969 ? Charles de Gaulle
33%
Quel est le premier astronome à proposer un modèle héliocentrique ? En opposition au modèle géocentrique. Copernic
33%
Qui a écrit la "Critique de la raison pure" ? Kant
33%
Quelle était la langue maternelle de Catherine II de Russie ? L'allemand
33%
Quel figure de la Révolution française fut assassiné par Charlotte Corday le 13 juillet 1793 ? Marat
33%
Quelle reine est montée sur le trône d'Angleterre en 1553 ? Elle réinstaura le catholicisme dans le pays. Marie Tudor
33%
Qui a écrit "Le Prince" ? Nicolas Machiavel
33%
Quelle reine de France assurait la régence du royaume, pendant la minorité de Saint Louis ? Blanche de Castille
0%
Qui a prononcé cette phrase " Sur mon empire, le soleil ne se couche jamais." ? Charles Quint
0%
Nabuchodonosor II fut empereur de 605 av J-C à 562 av J-C. Mais de quel empire ? L'empire chaldéen (néo-babylonien)
0%
Aucun quiz correspondant
Distribution des résultats
% des personnes avec chaque résultat
Percentile par nombre de réponses
Votre historique - résultats
Vous n’avez pas pris ce quiz